LEADER 01443nam a2200253 4500 001 000000341315 003 CaOOAMICUS 005 20200803134936.0 008 200803s1799 it a 000 u ita r 026 $atimo diie o-di alac (3) 1799 (A) 040 $aSeMil$bita 100 11$aMoscati, Pietro,$d<1739-1824>.$0(OLS)http://semarc/name/89440 245 00$aDell'uso dei sistemi nella pratica medicina. Discorso inaugurale recitato dal cittadino professore Pietro Moscati ... nell'aula dell'università di Pavia li 10. Ventoso anno 7. repubb. assumendo la cattedra di clinica medica. 264 1$aIn Pavia :$bPer gli eredi di Pietro GaleazzI,$c1799. 300 $a43, [1] p., [1] carta di tav. :$britr. ;$c8° 500 $aSegn.: A-B8 C6 650 4$aMedicina - Opere anteriori al 1800.$0(OLS)http://semarc/subject/49365 710 0 $aGaleazzi, Pietro eredi .$0(OLS)http://semarc/name/70857 752 $aIT$dPavia 850 $aSeMil 852 $aSeMil$W1$xVenegono$y1$m3XA III 19/2 FA$j220154$B232317$CSeMilBibl$Z2$F232317 $8I 996 $6245$aDell'uso dei sistemi nella pratica medicina. Discorso inaugurale recitato dal cittadino professore Pietro Moscati ... nell'aula dell'università di Pavia li 10. Ventoso anno 7. repubb. assumendo la cattedra di clinica medica$9(OLS)http://semarc/title/430345 996 $6264$aIn Pavia :$bPer gli eredi di Pietro GaleazzI$9(OLS)http://semarc/publisher/58387 LEADER 01099nam a2200265 i 4500 001 000000348348 003 CaOOAMICUS 005 20211103144951.0 008 211103s2009 it u000 u ita u 013 $a152929 040 $aSeMil$bita 041 1 $aita$alat 100 1 $aMelanchthon, Philipp,$d<1497-1560>.$0(OLS)http://semarc/name/1096 240 10$aInitia doctrinae physicae.$0(OLS)http://semarc/title/437746 245 10$a1: Inizi di dottrina fisica (1549) /$cFilippo Melantone. 264 1$aTorino :$bClaudiana,$c2009. 300 $a656 p. ;$c22 cm. 773 0 $aMelanchthon, Philipp <1497-1560>$tLibri di fisica (1549-1553).$dTorino : Claudiana, 2009.$kMelantone: Opere scelte$z978-88-7016-729-0$g1$w()348347 850 $aSeMil 852 $aSeMil$W1$xVenegono$y1$m2BA G 1/1$j229817$B239409$CSeMilBibl$Z2$F239409 $81 900 1 $aMelantone, Filippo. 996 $6245$a1: Inizi di dottrina fisica (1549)$9(OLS)http://semarc/title/437742 996 $6264$aTorino :$bClaudiana$9(OLS)http://semarc/publisher/29837